000 00581nam a2200241 a 4500
001 nice12345678
003 IN_TiNIC
005 20260116014217.0
008 050524s2003 dela grp 000 0 eng
020 _a817880X
_c600
082 0 0 _a305.4
_bROY
100 _aRoy, Ashine
245 _aHuman Rights of Women
260 _aDelhi
_bRajat Publications
_c2003
300 _a302p
500 _aincludes index and biblioraphy
505 2 _aIndex
650 _aWomen and Human Rights
700 1 _aRoy, Ashine
902 _bSRS
942 _cBK
999 _c14345
_d14345